000 01733nam a22004094i 4500
001 197781
003 ES-ScRBPG
005 20251217063026.0
008 240917s1985 sp a 000 0 glg d
017 _aC 848-1984
020 _a8460037703
035 _aRMF 0023976
040 _aRMF
_bspa
_cES-MaACL
080 _a061.22(460.111Ferrol)(091)
100 _aLlorca Freire, Guillermo,
_d1950-
_9241519
245 1 3 _aOs ateneos ferroláns na súa historia
_b: (1879-1880, 1903-1917, 1931-1936) /
_cGuillermo Llorca Freire ; [versión galega de Anxela Loureiro e Xosé Antonio Ponte Far].
260 _aFerrol :
_bAteneo Ferrolán,
_c1985
_e (Pontedeume (A Coruña) :
_fLópez Torre)
300 _a39 p. :
_bil. ;
_c22 cm.
336 _2rdacontent
_atexto
337 _2rdamedia
_asin mediación
338 _2rdacarrier
_avolumen
490 0 _aCuadernos Ateneo Ferrolán ;
_v4
500 _aPublicación relizada baixo o patrocinio da Obra Social da Caixa de Aforros de Galicia
500 _aRegistro Provisional. FOLL-DJ-7
500 _aÍndice.
500 _aNº monográfico Cadernos Ateneo Ferrolán, año 6, nº 4 (1986)
500 _aCubierta tomada como portada.
650 0 _aAteneos -
_zFerrol
_9241520
700 _aLoureiro Fernández, Ánxela,
_d1956-
_9241521
700 _aPonte Far, José Antonio,
_d1948-
_9241522
710 2 _aAteneo Ferrolán.
_92041
852 _aES-MaACL
_cDEPOJ
_jFOLL-DJ-7
_gDedicatoria Autógrafa del Autor
_hDonación: Guillermo Llorca Freire
_xEncuadernación Rustica
_zEn Proceso
942 _n0
_00
_2udc
_cFOLLETOS
999 _c197781
_d197781